| 000 | 00774nam a2200229 a 4500 | ||
|---|---|---|---|
| 008 | 120416s1984 ||||||||||||||||| || u | ||
| 020 | _a0710098847 | ||
| 050 | _aHM 48 Soc | ||
| 100 | _aRoberts, Helen, 1949- | ||
| 245 | 1 | 0 |
_aSocial researching _cedited by Colin Bell |
| 246 | _apolitics, problems, practice | ||
| 260 |
_aLondon _bRoutledge and Kegan Paul _c1984 |
||
| 300 | _ax, 230p. | ||
| 350 | _a0.00 | ||
| 500 | _aBibliography | ||
| 650 | 0 | _aSOCIOLOGY | |
| 650 | 0 | _aSOCIOLOGY--RESEARCH | |
| 650 | _aSOCIOLOGY--GREAT BRITAIN | ||
| 650 | _aWOMEN SOCIAL SCIENTISTS--GREAT BRITAIN | ||
| 700 | _aBell, Colin | ||
| 995 |
_D0.00 _FCBU-MAIN LIBRARY (Kitwe) _H1 _I12.50 _UAVAILABLE _ZAnnex Low-Usage Collection |
||
| 999 |
_c57735 _d57735 |
||